| 000 | 00436nam a2200193Ia 4500 | ||
|---|---|---|---|
| 008 | 170918s9999 xx 000 0 und d | ||
| 020 | _a590098594 | ||
| 050 | _bL797 1975 | ||
| 100 | _aLobel, Arnold | ||
| 245 | _aOwl at home / | ||
| 245 | _cArnold Lobel. | ||
| 260 | _aNew York : | ||
| 260 | _bScholastic, | ||
| 260 | _c1975 | ||
| 300 | _a64 pages : | ||
| 300 | _bcolored illustration ; | ||
| 300 | _c21cm. | ||
| 500 | _a370 | ||
| 999 |
_c341743 _d341743 |
||